[Event "MCR_EM_CF12"]
[Site "?"]
[Date "2004.??.??"]
[Round "?"]
[White "Valenta, Josef"]
[Black "Mikoska, Josef"]
[Result "0-1"]
[WhiteElo "2110"]
[BlackElo "2133"]
[PlyCount "88"]
[EventDate "2005.??.??"]
[EventType "corr"]
[EventRounds "2"]
[SourceDate "2005.03.12"]

1. d4 g6 2. e4 Bg7 3. f4 d5 4. e5 c5 5. dxc5 Nc6 6. Bb5 Nh6 7. Nf3 Bg4 8. Nc3
e6 9. O-O O-O 10. h3 Bxf3 11. Qxf3 f6 12. exf6 Qxf6 13. Qf2 Qe7 14. Ne2 e5 15.
Ba4 Rad8 16. Bb3 Kh8 17. c3 d4 18. cxd4 exd4 19. Ng3 Qxc5 20. Ne4 Qb6 21. Ng5
Na5 22. Ba4 Nf5 23. Re1 Qb4 24. b3 d3 25. Bd2 Qd6 26. Ne4 Qd5 27. Nc3 Qf7 28.
Kh1 a6 29. Qb6 Ng3+ 30. Kh2 Ne2 31. Qxa5 b6 32. Qxa6 Bxc3 33. Rxe2 Bxd2 34. Rf2
Bxf4+ 35. Kh1 Qe7 36. Rd1 Qe3 37. Rf3 Qe2 38. Rdf1 Bd6 39. Rxf8+ Bxf8 40. Rb1
Qf2 41. b4 Qxa2 42. Rf1 Qe2 43. Rd1 Qf2 44. Bb3 Bg7 0-1

[Event "MCR_EM_CF12"]
[Site "?"]
[Date "2004.??.??"]
[Round "?"]
[White "Valenta, Josef"]
[Black "Paulik, Vaclav"]
[Result "0-1"]
[WhiteElo "2110"]
[BlackElo "2172"]
[PlyCount "106"]
[EventDate "2005.??.??"]
[EventType "corr"]
[EventRounds "2"]
[SourceDate "2005.03.12"]

1. e4 c5 2. Nf3 Nc6 3. d4 cxd4 4. Nxd4 Nf6 5. Nc3 e5 6. Ndb5 d6 7. Bg5 a6 8.
Bxf6 gxf6 9. Na3 b5 10. Nd5 f5 11. Bd3 Be6 12. c3 Bg7 13. Qh5 O-O 14. exf5 Bxd5
15. f6 e4 16. fxg7 Re8 17. Be2 Re5 18. Qh6 b4 19. Nc2 bxc3 20. bxc3 Be6 21. O-O
Qg5 22. Qxg5 Rxg5 23. Rfd1 Rc5 24. Rxd6 Rxc3 25. Ne3 Rc5 26. Nf1 Nb4 27. a3 Ra5
28. Bd1 Nd5 29. Ng3 Nc3 30. Rd4 Rd5 31. Rxd5 Bxd5 32. Rc1 Rc8 33. Kf1 Kxg7 34.
Bg4 Rc6 35. Ke1 Nb5 36. Rxc6 Bxc6 37. a4 Nd6 38. a5 Kf6 39. Be2 Bb7 40. Nf1 Ke5
41. Kd2 Kd4 42. Ne3 Kc5 43. Kc3 Bc8 44. h3 f5 45. f4 exf3 46. gxf3 f4 47. Nc2
Nb5+ 48. Kd2 Bxh3 49. Ne1 Kb4 50. Nd3+ Kxa5 51. Nxf4 Bf5 52. Bd3 Bxd3 53. Kxd3
Kb4 0-1

[Event "MCR_EM_CF12"]
[Site "?"]
[Date "2004.??.??"]
[Round "?"]
[White "Valenta, Josef"]
[Black "Struzka, Vlastimil"]
[Result "0-1"]
[WhiteElo "2110"]
[BlackElo "2194"]
[PlyCount "102"]
[EventDate "2005.??.??"]
[EventType "corr"]
[EventRounds "2"]
[SourceDate "2005.03.12"]

1. e4 e5 2. Nf3 Nf6 3. Nxe5 Qe7 4. Nf3 Qxe4+ 5. Qe2 Nc6 6. Qxe4+ Nxe4 7. Be2 d5
8. O-O Bg4 9. h3 Bxf3 10. Bxf3 Nd4 11. Bd1 O-O-O 12. d3 Nf6 13. c3 Ne6 14. Re1
d4 15. Bb3 Nc5 16. Bc2 dxc3 17. Nxc3 Nxd3 18. Rd1 Nc5 19. Rxd8+ Kxd8 20. Be3 a6
21. Rd1+ Kc8 22. Bf5+ Ne6 23. Bd4 Be7 24. Re1 Re8 25. Bxe6+ fxe6 26. Rxe6 Kd7
27. Re2 c5 28. Be5 b5 29. f4 b4 30. Na4 Nd5 31. Kf2 Kc6 32. Kf3 g5 33. f5 Bf6
34. Bxf6 Rxe2 35. Kxe2 Nxf6 36. b3 h5 37. g3 Kd5 38. Kf3 Kd4 39. Nb6 Ke5 40.
Na4 Nd7 41. g4 hxg4+ 42. hxg4 Kd4 43. Nb2 a5 44. Kf2 Kc3 45. Nd1+ Kc2 46. Ne3+
Kb2 47. Nc4+ Kxa2 48. Nxa5 c4 49. Nxc4 Kxb3 50. Ne3 Ka2 51. Nd5 b3 0-1